[Event "LEM 2008"]
[Site "?"]
[Date "2008.05.04"]
[Round "?"]
[White "Ozeran, Volymyr"]
[Black "Schellmann, Frank"]
[Result "1/2-1/2"]
[WhiteElo "1950"]
[BlackElo "2167"]
[PlyCount "68"]
[EventDate "2008.??.??"]

1. f4 d5 2. b3 Nf6 3. Nf3 g6 4. Bb2 Bg7 5. e3 O-O 6. Be2 c5 7. O-O Nc6 8. Ne5
Nxe5 9. Bxe5 Nd7 10. Bxg7 Kxg7 11. Bf3 Nf6 12. d4 Qa5 13. Qd2 Qxd2 14. Nxd2 b6
15. dxc5 bxc5 16. c4 Ba6 17. Rac1 Rad8 18. Rfd1 d4 19. Nf1 Bc8 20. Kf2 Ng4+ 21.
Bxg4 Bxg4 22. Rd2 f6 23. h3 Bc8 24. Rcd1 e5 25. Ng3 Bb7 26. a3 a5 27. exd4 exd4
28. b4 axb4 29. axb4 cxb4 30. Rxd4 Rxd4 31. Rxd4 Rf7 32. Ne2 b3 33. Nc3 Re7 34.
g3 Ba6 1/2-1/2